I survived the shark attacks of 1916 / (Record no. 2564)

MARC details
000 -LEADER
fixed length control field 01551cam a22004097a 4500
005 - DATE AND TIME OF LATEST TRANSACTION
control field 20231215142618.0
020 ## - INTERNATIONAL STANDARD BOOK NUMBER
International Standard Book Number 9780545206884 (trade)
020 ## - INTERNATIONAL STANDARD BOOK NUMBER
International Standard Book Number 054520688X (trade)
020 ## - INTERNATIONAL STANDARD BOOK NUMBER
International Standard Book Number 9780545206952
020 ## - INTERNATIONAL STANDARD BOOK NUMBER
International Standard Book Number 0545206952 (pbk.)
040 ## - CATALOGING SOURCE
Original cataloging agency BTCTA
Transcribing agency BTCTA
Modifying agency BKX
-- JAO
-- UPZ
-- IUI
-- EHH
-- DLC
Language of cataloging eng
050 00 - LIBRARY OF CONGRESS CALL NUMBER
Classification number PZ7.T211115
Item number Iar 2010
082 04 - DEWEY DECIMAL CLASSIFICATION NUMBER
Classification number 741.5
Edition number 23
100 1# - MAIN ENTRY--PERSONAL NAME
Personal name Tarshis, Lauren.
245 10 - TITLE STATEMENT
Title I survived the shark attacks of 1916 /
Statement of responsibility, etc. by Lauren Tarshis ; illustrated by Scott Dawson
246 30 - VARYING FORM OF TITLE
Title proper/short title Shark attacks of 1916
250 ## - EDITION STATEMENT
Edition statement First printing, September 2010
260 ## - PUBLICATION, DISTRIBUTION, ETC.
Place of publication, distribution, etc. New York :
Name of publisher, distributor, etc. Scholastic,
Date of publication, distribution, etc. 2010
300 ## - PHYSICAL DESCRIPTION
Extent 87 pages :
Other physical details illustrations ;
Dimensions 22 cm
490 1# - SERIES STATEMENT
Series statement I survived
505 ## - FORMATTED CONTENTS NOTE
Formatted contents note K
520 ## - SUMMARY, ETC.
Summary, etc. In July, 1916, Chet Roscow is fascinated by news accounts of the great white shark said to be attacking people along the New Jersey shore not far from his home, but when he goes swimming in Matawan Creek he discovers the truth of the stories.
521 1# - TARGET AUDIENCE NOTE
Target audience note 610
Source Lexile
521 0# - TARGET AUDIENCE NOTE
Target audience note K
Source Raz-Plus
650 #0 - SUBJECT ADDED ENTRY--TOPICAL TERM
Topical term or geographic name entry element Shark attacks
Form subdivision Juvenile fiction.
650 #0 - SUBJECT ADDED ENTRY--TOPICAL TERM
Topical term or geographic name entry element Shark attacks
Geographic subdivision New Jersey
Form subdivision Juvenile fiction.
650 #0 - SUBJECT ADDED ENTRY--TOPICAL TERM
Topical term or geographic name entry element Seashore
Geographic subdivision New Jersey
General subdivision History
Form subdivision Juvenile fiction.
650 #1 - SUBJECT ADDED ENTRY--TOPICAL TERM
Topical term or geographic name entry element Shark attacks
Form subdivision Fiction.
650 #1 - SUBJECT ADDED ENTRY--TOPICAL TERM
Topical term or geographic name entry element Sharks
Form subdivision Fiction.
650 #1 - SUBJECT ADDED ENTRY--TOPICAL TERM
Topical term or geographic name entry element Adventure and adventurers
Form subdivision Fiction.
650 #1 - SUBJECT ADDED ENTRY--TOPICAL TERM
Topical term or geographic name entry element Survival
Form subdivision Fiction.
655 #7 - INDEX TERM--GENRE/FORM
Genre/form data or focus term Adventure fiction.
Source of term gsafd
700 1# - ADDED ENTRY--PERSONAL NAME
Personal name Dawson, Scott
Relator term illustrator
906 ## - LOCAL DATA ELEMENT F, LDF (RLIN)
a 7
b cbc
c copycat
d 2
e ncip
f 20
g y-gencatlg
942 ## - ADDED ENTRY ELEMENTS (KOHA)
Source of classification or shelving scheme Dewey Decimal Classification
Koha item type Books
Suppress in OPAC No
999 ## -
-- 2564
-- 2564
Holdings
Withdrawn status Lost status Source of classification or shelving scheme Damaged status Not for loan Collection Home library Current library Shelving location Date acquired Total Checkouts Full call number Barcode Date last seen Price effective from Koha item type
    Dewey Decimal Classification     Fiction Footprints International School Library Network Toul Kork Campus Footprints International School Library Network Toul Kork Campus   12/15/2023   TAR 741.5 PZ7.T211115 FISSE00517 04/23/2025 12/15/2023 Books